Vedic Mathematics or Sixteen simple Mathematical Formulae from the vedas (Record no. 2269)
[ view plain ]
| 000 -LEADER | |
|---|---|
| fixed length control field | 00443nam a2200157Ia 4500 |
| 003 - CONTROL NUMBER IDENTIFIER | |
| control field | OSt |
| 005 - DATE AND TIME OF LATEST TRANSACTION | |
| control field | 20231207162401.0 |
| 008 - FIXED-LENGTH DATA ELEMENTS--GENERAL INFORMATION | |
| fixed length control field | 230503s9999 xx 000 0 und d |
| 082 ## - DEWEY DECIMAL CLASSIFICATION NUMBER | |
| Classification number | 511.3 |
| Item number | TIRV |
| 100 ## - MAIN ENTRY--PERSONAL NAME | |
| Personal name | TIRTHA, Krishna and PITHA, Govardhana |
| 245 #0 - TITLE STATEMENT | |
| Title | Vedic Mathematics or Sixteen simple Mathematical Formulae from the vedas |
| 260 ## - PUBLICATION, DISTRIBUTION, ETC. | |
| Date of publication, distribution, etc. | 2018 |
| Place of publication, distribution, etc. | Motilal Banarsidass |
| Name of publisher, distributor, etc. | Delhi |
| 300 ## - PHYSICAL DESCRIPTION | |
| Extent | 367 |
| 650 ## - SUBJECT ADDED ENTRY--TOPICAL TERM | |
| Topical term or geographic name entry element | Mathematics |
| 942 ## - ADDED ENTRY ELEMENTS (KOHA) | |
| Koha item type | Book |
| Source of classification or shelving scheme | Dewey Decimal Classification |
| Withdrawn status | Lost status | Source of classification or shelving scheme | Damaged status | Not for loan | Collection code | Home library | Current library | Shelving location | Date acquired | Cost, normal purchase price | Full call number | Barcode | Date last seen | Price effective from | Koha item type | Public note |
|---|---|---|---|---|---|---|---|---|---|---|---|---|---|---|---|---|
| Dewey Decimal Classification | Non-fiction | RIC Library | RIC Library | General Stacks | 05/03/2023 | 55.00 | 511.3 TIRV | 001669 | 05/03/2023 | 05/03/2023 | Book | R-9.3 |
